MARC details
| 000 -CABECERA |
| campo de control de longitud fija |
01150nam a2200289 a 4500 |
| 001 - NÚMERO DE CONTROL |
| campo de control |
000008146 |
| 003 - IDENTIFICADOR DEL NÚMERO DE CONTROL |
| campo de control |
DO-SdBNP |
| 005 - FECHA Y HORA DE LA ÚLTIMA TRANSACCIÓN |
| campo de control |
20211203123732.0 |
| 008 - DATOS DE LONGITUD FIJA--INFORMACIÓN GENERAL |
| campo de control de longitud fija |
090915s2007 dr ab 001 0 spa d |
| 020 ## - NÚMERO INTERNACIONAL ESTÁNDAR DEL LIBRO |
| Número Internacional Estándar del Libro |
9945421093 |
| 040 ## - FUENTE DE LA CATALOGACIÓN |
| Centro catalogador/agencia de origen |
DO-SdBNP |
| Lengua de catalogación |
spa |
| Centro/agencia transcriptor |
BNPHU |
| 082 #4 - NÚMERO DE LA CLASIFICACIÓN DECIMAL DEWEY |
| Número de clasificación |
929.2 |
| Número de documento/Ítem |
S593h |
| Número de edición |
22 |
| 100 1# - ENTRADA PRINCIPAL--NOMBRE DE PERSONA |
| Nombre de persona |
Simó Torres, Dennis R. |
| 9 (RLIN) |
17963 |
| 245 10 - MENCIÓN DE TÍTULO |
| Título |
Huellas de familia : |
| Resto del título |
la familia Simó, de Cataluña a Santo Domingo : estudio genealógico / |
| Mención de responsabilidad, etc. |
Dennis R. Simó Torres ; investigador Armand de Fluviá y Escorsa,. |
| 260 ## - PUBLICACIÓN, DISTRIBUCIÓN, ETC. |
| Lugar de publicación, distribución, etc. |
Santo Domingo : |
| Nombre del editor, distribuidor, etc. |
Instituto Dominicano de Genealogía, |
| Fecha de publicación, distribución, etc. |
2007. |
| 300 ## - DESCRIPCIÓN FÍSICA |
| Extensión |
v. : |
| Otras características físicas |
il., maps., retrs. ; |
| Dimensiones |
31 cm. |
| 490 1# - MENCIÓN DE SERIE |
| Mención de serie |
Investigación genealógica ; |
| Designación de volumen o secuencia |
v. 8 |
| 500 ## - NOTA GENERAL |
| Nota general |
La biblioteca posee el v. 3 |
| 500 ## - NOTA GENERAL |
| Nota general |
Incluye referencias bibliográficas y notas al pie de las páginas. |
| 500 ## - NOTA GENERAL |
| Nota general |
Incluye índice onomástico. |
| 650 #4 - PUNTO DE ACCESO ADICIONAL DE MATERIA--TÉRMINO DE MATERIA |
| Término de materia o nombre geográfico como elemento de entrada |
Simó (Familia) |
| Subdivisión general |
Genealogía |
| 9 (RLIN) |
22108 |
| 650 #4 - PUNTO DE ACCESO ADICIONAL DE MATERIA--TÉRMINO DE MATERIA |
| Término de materia o nombre geográfico como elemento de entrada |
Simó (Familia) |
| Subdivisión general |
Historia |
| 9 (RLIN) |
22109 |
| 651 #4 - PUNTO DE ACCESO ADICIONAL DE MATERIA--NOMBRE GEOGRÁFICO |
| Nombre geográfico |
República Dominicana |
| Subdivisión general |
Genealogía |
| 9 (RLIN) |
2157 |
| 700 1# - PUNTO DE ACCESO ADICIONAL--NOMBRE DE PERSONA |
| Nombre de persona |
Fluviá y Escorsa, Armand de |
| 9 (RLIN) |
22110 |
| 830 #0 - PUNTO DE ACCESO ADICIONAL DE SERIE-TÍTULO UNIFORME |
| Título uniforme |
Investigación genealógica ; |
| Número de parte o sección de la obra |
no. 8 |
| 9 (RLIN) |
22111 |
| 942 ## - ELEMENTOS DE PUNTO DE ACCESO ADICIONAL (KOHA) |
| Fuente del sistema de clasificación o colocación |
Dewey Decimal Classification |
| Tipo de ítem Koha |
Libro |